Quiz o Transporcie GZM. - Statystyki

Ogólne statystyki
  • Ten quiz został rozwiązany 69 razy
  • Średni wynik to 17 z 30
Statystyki odpowiedzi
Pytanie Odpowiedź % Poprawnych
Jakie Oznaczenie Mają Autobusy Metropolitalne W GZM?M, A, G, Z. M
90%
Co Oznacza Skrót GZM? Górnośląsko-Zagłębiowska Metropolia
88%
Które Z Wymienionych Miast Nie Należy Do GZM?Sosnowiec, Tychy, Częstochowa, Katowice. Częstochowa
83%
Jakim Miastem Jest Stolica GZM?Katowice, Sosnowiec. Katowice.
81%
Gdzie Znajduje Się Główna Siedziba ZTM? (Miasto) Katowice
81%
Które Z Miast W GZM Ma Tramwaje?Katowice, Tychy, Gliwice. Katowice
81%
Które Z Poniższych Miast Ma Największą Liczbę Autobusów W GZM?Katowice, Sosnowiec, Tychy, Gliwice. Katowice
81%
Jaki Kolor Mają Autobusy Miejskie ZTM? Żółty
81%
Co Jest Głównym Środkiem Transportu W GZM, Oprócz Tramwajów? Autobus
73%
Czy Linie Tramwajowe GZM Kursują Do Mysłowic?Tak, Nie. Tak
73%
Czy Transport GZM Obejmuje Też Weekendowe Połączenia Nocne?Tak, Nie. Tak
73%
Jaka Instytucja Odpowiada Za Transport Publiczny W GZM? ZTM
69%
Jakie Oznaczenie Mają Linie Tramwajowe W GZM?T1, L1, 1 T1
63%
Jakie Inne Środki Transportu Można Spotkać W GZM Poza Autobusami I Tramwajami?Trolejbusy, Pociągi. Trolejbusy
63%
Które Z Poniższych Linii Tramwajowych Kursuje W Katowicach?Linia T9, Linia T7, Linia T5. Linia T7
62%
Jakie Są Godziny Kursowania Autobusów W GZM?Od 5:00 Do 23:00, Od 6:00 do 22:00 Od 5:00 Do 23:00
58%
Ile Miast Należy Do GZM? 26
56%
Co Oznacza Termin „Przystanek Na Żądanie”?Przystanek Na Którym Pasażer Musi Nacisnąć Przycisk, Przystanek Na Którym Zatrzymują Się Wszystkie Autobusy Przystanek Na Którym Pasażer Musi Nacisnąć Przycisk
54%
Jak Nazywa Się Aplikacja Mobilna Do Kupowania Biletów I Planowania Podróży W GZM? Transport GZM
54%
Jakie Bilety Są Dostępne W Systemie ZTM W GZM?Tylko Miesięczne, Tylko Jednorazowe, Jednorazowe Miesięczne I Czasowe, Tylko Dzienne Jednorazowe Miesięczne i Czasowe
52%
Jakie Nowoczesne Technologie Wprowadzono Do Floty Autobusowej ZTM W GZM?Pojazdy Elektryczne, Pojazdy Hybrydowe, Pojazdy Wodorowe, Wszystkie Odpowiedzi Są Poprawne Wszystkie Odpowiedzi Są Poprawne
52%
W Którym Roku Powstała Górnośląsko-Zagłębiowska Metropolia? 2017
50%
Czy Transport GZM Obejmuje Również Połączenia Kolejowe?Nie, Tylko Koleje Śląskie, Tak Na Wybranych Biletach Okresowych Tak Na Wybranych Biletach Okresowych
48%
Jaką Rolę Pełni ZTM?Organizuje I Koordynuje Transport Publiczny W Regionie, Jest Odpowiedzialny Za Rozwój Infrastruktury Drogowej Organizuje I Koordynuje Transport Publiczny W Regionie
46%
Co To Jest „Bilet Metropolitalny”?Bilet Miesięczny Na Wszystkie Linie W GZM, Bilet Umożliwiający Korzystanie Z Transportu Metropolitalnego Bilet Umożliwiający Korzystanie Z Transportu Metropolitalnego
38%
Jak Nazywa Się Największy Zintegrowany Węzeł Transportowy W Katowicach? Zawodzie
23%
Które Środki Transportu Obsługuje ZTM? Autobusy, Tramwaje, Trolejbusy
19%
Jak Nazywa Się Główny Dworzec Autobusowy W Katowicach? Katowice Sądowa Dworzec
8%
Co Oznacza Litera „M” W Liniach Autobusowych (Np. M2, M24)?.......................... Linia Autobusowa Metropolitalna Linia Autobusowa
6%
Który Przystanek W GZM Obsługuje Najwięcej Linii? Zabrze Goethego
6%
Nie znaleziono quizów pasujących do podanych kryteriów
Rozkład punktacji
Procent ludzi z każdym wynikiem
Percentyl według liczby udzielonych odpowiedzi
Twoja historia wyników
Nie rozwiązałeś tego quizu